| 000 | 00347nam a2200145Ia 4500 | ||
|---|---|---|---|
| 008 | 150201s2007 xx 000 0 und d | ||
| 082 |
_a610.73678 _bM07L |
||
| 100 | _aLITTLETON , LYNNA Y. | ||
| 245 | _aMATERNITY NURSING CARE | ||
| 250 | _a1ST | ||
| 260 |
_bSANAT _aINDIA _c2007 |
||
| 300 | _a946 | ||
| 650 | _aOBST. & GYNEA. | ||
| 942 |
_2ddc _cBK _01 |
||
| 999 |
_c2049 _d2049 |
||